00478nam a2200133Ia 4500082001100000100002400011245014200035260006300177300000800240504004100248650001400289650002200303700001900325 aRP0289 aPerwez, Syed Khalid 0aStudy on stress and probability of psychiatric problems among the under trial and convicted men and women prisoners in Vellore prisonsb: c2014bIndian Council of Social Science Research, New Delhi av.p aincludes appendices and bibliography aPrisoners aPrisons - vellore aRamaseshan, H.